书目信息 |
| 题名: |
高校安全警示教育教程
|
|
| 作者: | 王焕斌 主编 | |
| 分册: | ||
| 出版信息: | 北京 科学技术文献出版社 2016.10 |
|
| 页数: | 306页 | |
| 开本: | 26cm | |
| 丛书名: | ||
| 单 册: | ||
| 中图分类: | X925 | |
| 科图分类: | ||
| 主题词: | 大学生--da xue sheng--安全教育--高等学校--教材 | |
| 电子资源: | ||
| ISBN: | 978-7-5189-2086-0 | |
| 000 | 00903nam0 2200229 450 | |
| 001 | 0104125632 | |
| 005 | 20201104125713.0 | |
| 010 | @a978-7-5189-2086-0@dCNY32.80 | |
| 100 | @a20181129e20172016em y0chiy50 ea | |
| 101 | 0 | @achi |
| 102 | @aCN@b110000 | |
| 105 | @ay z 000yy | |
| 106 | @ar | |
| 200 | 1 | @a高校安全警示教育教程@Agao xiao an quan jing shi jiao yu jiao cheng@f王焕斌主编 |
| 210 | @a北京@c科学技术文献出版社@d2016.10@h2017.08 | |
| 215 | @a306页@d26cm | |
| 330 | @a本书以提高大学生安全防范意识和自觉遵纪守法意识为目的,关注大学生的生活、学习、认知、身心等成长方面的问题,精选近年来大学生真实典型的案例,简要介绍各类安全事故发生的原因、防范方法和避害技巧,并阐述了相关知识和法律法规。 | |
| 606 | 0 | @a大学生@Ada xue sheng@x安全教育@x高等学校@j教材 |
| 690 | @aX925@v5 | |
| 701 | 0 | @a王焕斌@Awang huan bin@f(1965~)@4主编 |
| 801 | 0 | @aCN@bBJSZM@c20201104 |
| 905 | @b1261136-40@dX925@e53@f5 | |
| 高校安全警示教育教程/王焕斌主编.-北京:科学技术文献出版社,2016.10(2017.08) |
| 306页;26cm |
| ISBN 978-7-5189-2086-0:CNY32.80 |
| 本书以提高大学生安全防范意识和自觉遵纪守法意识为目的,关注大学生的生活、学习、认知、身心等成长方面的问题,精选近年来大学生真实典型的案例,简要介绍各类安全事故发生的原因、防范方法和避害技巧,并阐述了相关知识和法律法规。 |
| ● |
| 相关链接 |
|
|
|
|
正题名:高校安全警示教育教程
索取号:X925/53
 
预约/预借
| 序号 | 登录号 | 条形码 | 馆藏地/架位号 | 状态 | 备注 |
| 1 | 1261136 | 212611360 | 第二样本阅览室/ [索取号:X925/53] | 在馆 | |
| 2 | 1261137 | 212611379 | 教育系资料室/ [索取号:X925/53] | 在馆 | |
| 3 | 1261138 | 212611388 | 教育系资料室/ [索取号:X925/53] | 在馆 | |
| 4 | 1261139 | 212611397 | 第三借阅区/ [索取号:X925/53] | 在馆 | |
| 5 | 1261140 | 212611404 | 第三借阅区/ [索取号:X925/53] | 在馆 |